[Event "29. Cullera 2012 - Open A"]
[Site "Cullera ESP"]
[Date "2012.08.26"]
[Round "3.4"]
[White "Uran Bermudez, Oliver Kevin"]
[Black "Pena Riasco, Alexander"]
[Result "0-1"]
[WhiteElo "2135"]
[BlackElo "2237"]
[PlyCount "114"]
[EventDate "2012.08.25"]
[EventType "swiss"]
[EventRounds "9"]
[EventCountry "ESP"]
[Source "lmi"]
[SourceDate "2012.08.25"]

1. e4 d5 2. exd5 Qxd5 3. Qf3 Nf6 4. Nc3 Qa5 5. Bc4 Nc6 6. Bb5 Bd7 7. Nge2 a6 8.
Ba4 O-O-O 9. a3 e5 10. b4 Qb6 11. O-O Bg4 12. Qe3 Nd4 13. Ng3 h5 14. h3 h4 15.
Nge4 Bh5 16. Bb3 Nxb3 17. Qxb6 cxb6 18. cxb3 Nxe4 19. Nxe4 Rd3 20. Bb2 f5 21.
Ng5 Be7 22. Ne6 Bf6 23. f4 e4 24. Bxf6 gxf6 25. Rac1+ Kd7 26. Ng7 Bg6 27. Rc2
Ke7 28. Rfc1 Rg8 29. Rc7+ Rd7 30. Rxd7+ Kxd7 31. Ne6 Kxe6 32. Rc7 Rb8 33. Kf2
Be8 34. Rh7 Bc6 35. Rxh4 Rd8 36. Ke2 Rd3 37. Rh7 Rxb3 38. h4 Rxa3 39. h5 Ra1
40. h6 Rh1 41. Ke3 Kd5 42. Rh8 Kc4 43. h7 Kxb4 44. d4 exd3 45. Kd2 a5 46. Kxd3
a4 47. Kd2 a3 48. Ke3 Ba4 49. g4 fxg4 50. f5 a2 51. Rg8 Rxh7 52. Rxg4+ Ka3 53.
Rg1 Kb2 54. Re1 Re7+ 55. Kd3 Rxe1 56. Kc4 a1=Q 57. Kd4 Qd1+ 0-1

[Event "29. Cullera 2012 - Open A"]
[Site "Cullera ESP"]
[Date "2012.08.26"]
[Round "3.5"]
[White "Vega Gomez, Francisco Borja"]
[Black "Crecente Penalba, Jose Manuel"]
[Result "1-0"]
[WhiteElo "2225"]
[BlackElo "2107"]
[PlyCount "101"]
[EventDate "2012.08.25"]
[EventType "swiss"]
[EventRounds "9"]
[EventCountry "ESP"]
[Source "lmi"]
[SourceDate "2012.08.25"]

1. Nf3 Nf6 2. g3 d5 3. Bg2 e6 4. d4 Be7 5. c4 O-O 6. Qc2 a6 7. c5 Nc6 8. O-O
Ne4 9. Nc3 f5 10. a3 Bf6 11. Rd1 Qe8 12. Bf4 Qf7 13. Ne5 Bxe5 14. Bxe5 Nxe5 15.
dxe5 Nxc3 16. Qxc3 f4 17. Qd4 Bd7 18. Qxf4 Qxf4 19. gxf4 Rxf4 20. e3 Rc4 21.
Rxd5 Bc6 22. Rd4 Rxc5 23. Bxc6 Rxc6 24. Rd7 Rf8 25. Rad1 Rf7 26. Rd8+ Rf8 27.
R8d7 Rf7 28. R1d2 Rxd7 29. Rxd7 Rc2 30. b4 Rc3 31. Kg2 Rxa3 32. Rxc7 b5 33. Re7
a5 34. bxa5 Rxa5 35. Rxe6 b4 36. Rb6 Rxe5 37. Rxb4 Kf7 38. h4 Ra5 39. Rb6 Rc5
40. Kg3 Ra5 41. Rb4 Rc5 42. Kg4 Kf6 43. Rf4+ Ke7 44. Rf5 Rc1 45. f4 Rd1 46. Ra5
Kf6 47. Ra6+ Kf7 48. h5 Rd8 49. Ra7+ Kf8 50. h6 g6 51. Rxh7 1-0

[Event "29. Cullera 2012 - Open A"]
[Site "Cullera ESP"]
[Date "2012.08.26"]
[Round "3.6"]
[White "Montalban Galvez, Antoni"]
[Black "Navarro Diaz, Carles"]
[Result "1/2-1/2"]
[WhiteElo "2204"]
[BlackElo "2117"]
[PlyCount "92"]
[EventDate "2012.08.25"]
[EventType "swiss"]
[EventRounds "9"]
[EventCountry "ESP"]
[Source "lmi"]
[SourceDate "2012.08.25"]

1. Nf3 Nf6 2. c4 g6 3. g3 Bg7 4. Bg2 O-O 5. O-O d6 6. d4 c5 7. Nc3 Nc6 8. dxc5
dxc5 9. Bf4 Be6 10. Ne5 Nd4 11. e3 Nf5 12. Qe2 Nd6 13. Rfd1 Qc8 14. Rac1 Bh3
15. Bf3 h6 16. g4 Nh7 17. Nd5 Re8 18. Nd3 e5 19. Bg3 Ng5 20. Nxe5 Bxe5 21. Bxe5
Rxe5 22. Nf6+ Kg7 23. Rxd6 Re6 24. Rxe6 Qxe6 25. Nd5 Nxf3+ 26. Qxf3 Bxg4 27.
Qg3 Qe4 28. f3 Bxf3 29. Rf1 Be2 30. Nc3 Qxc4 31. Qe5+ Kg8 32. Rf4 Qa6 33. Nd5
Qe6 34. Ne7+ Kh7 35. Qxe6 fxe6 36. Rf7+ Kh8 37. Nxg6+ Kg8 38. Rxb7 a5 39. Rc7
a4 40. Rxc5 a3 41. bxa3 Rxa3 42. Nf4 Rxe3 43. Kf2 Rf3+ 44. Kxe2 Rxf4 45. Rc2
Kf7 46. Ke3 Ra4 1/2-1/2

[Event "29. Cullera 2012 - Open A"]
[Site "Cullera ESP"]
[Date "2012.08.26"]
[Round "3.7"]
[White "Cabero Feliciano, Guillermo"]
[Black "Gallardo Garcia, Andres"]
[Result "0-1"]
[WhiteElo "2134"]
[BlackElo "2339"]
[PlyCount "68"]
[EventDate "2012.08.25"]
[EventType "swiss"]
[EventRounds "9"]
[EventCountry "ESP"]
[Source "lmi"]
[SourceDate "2012.08.25"]

1. e4 c5 2. Nf3 d6 3. c3 Nf6 4. Be2 g6 5. O-O Bg7 6. Re1 O-O 7. Bf1 a6 8. a4
Nc6 9. d4 cxd4 10. cxd4 Bg4 11. d5 Nb4 12. Qb3 a5 13. Nc3 Nd7 14. Be3 f5 15.
exf5 Bxf3 16. gxf3 Ne5 17. Qd1 gxf5 18. f4 Ng6 19. Rc1 Rc8 20. Nb5 Bxb2 21.
Rxc8 Qxc8 22. Bb6 Bf6 23. Bxa5 Na6 24. Qd2 Nc5 25. Rc1 Qd7 26. Qb4 Nh4 27. Nc7
Kh8 28. Bb5 Rg8+ 29. Kf1 Qc8 30. Ne6 Qb8 31. Nxc5 dxc5 32. Qxc5 Qxf4 33. Bc7
Qf3 34. Qe3 Rg1+ 0-1

[Event "29. Cullera 2012 - Open A"]
[Site "Cullera ESP"]
[Date "2012.08.26"]
[Round "3.8"]
[White "Jimenez Martinez, Jose Vicente"]
[Black "Machin Arbelo, Pedro Alexis"]
[Result "1-0"]
[WhiteElo "2285"]
[BlackElo "2084"]
[PlyCount "61"]
[EventDate "2012.08.25"]
[EventType "swiss"]
[EventRounds "9"]
[EventCountry "ESP"]
[Source "lmi"]
[SourceDate "2012.08.25"]

1. d4 d6 2. c4 Nd7 3. Nc3 c6 4. e4 Ngf6 5. f3 e6 6. Be3 Be7 7. Bd3 b6 8. Nge2
Bb7 9. O-O h6 10. Qd2 g5 11. Ng3 Qc7 12. b4 d5 13. cxd5 Bxb4 14. dxe6 fxe6 15.
Nb5 cxb5 16. Qxb4 a6 17. Rac1 Qd8 18. e5 Nxe5 19. dxe5 Qxd3 20. Bxb6 Nd5 21.
Qd6 Nf4 22. Qxd3 Nxd3 23. Rc7 Bd5 24. Nh5 O-O 25. Nf6+ Rxf6 26. exf6 Rf8 27.
Rd1 Bc4 28. Rxd3 Bxd3 29. Rg7+ Kh8 30. Bd4 h5 31. f7 1-0

[Event "29. Cullera 2012 - Open A"]
[Site "Cullera ESP"]
[Date "2012.08.27"]
[Round "4.1"]
[White "Martinez Tormo, Jorge"]
[Black "Castella Garcia, Fausto"]
[Result "0-1"]
[WhiteElo "2148"]
[BlackElo "2329"]
[PlyCount "68"]
[EventDate "2012.08.25"]
[EventType "swiss"]
[EventRounds "9"]
[EventCountry "ESP"]
[Source "lmi"]
[SourceDate "2012.08.25"]

1. e4 c5 2. Nf3 Nc6 3. d4 cxd4 4. Nxd4 g6 5. Nc3 Bg7 6. Be3 Nf6 7. Bc4 O-O 8.
Bb3 d6 9. h3 Na5 10. O-O b6 11. f4 Nxb3 12. cxb3 Bb7 13. Qf3 Rc8 14. Rac1 Nd7
15. Qe2 Nc5 16. b4 Nxe4 17. Nxe4 Bxe4 18. Nb5 Qd7 19. Nc3 Ba8 20. Rfd1 Qe6 21.
Qf2 Rc4 22. a3 Rfc8 23. Bd4 Bxd4 24. Rxd4 Rxd4 25. Qxd4 Rc4 26. Qd2 Qf5 27. Re1
Rxf4 28. Rxe7 Rf1+ 29. Kh2 Bxg2 30. Re8+ Kg7 31. Qd4+ f6 32. Re7+ Kf8 33. Rxh7
Rh1+ 34. Kg3 Qf3+ 0-1

[Event "29. Cullera 2012 - Open A"]
[Site "Cullera ESP"]
[Date "2012.08.27"]
[Round "4.3"]
[White "Pena Riasco, Alexander"]
[Black "Vega Gomez, Francisco Borja"]
[Result "0-1"]
[WhiteElo "2237"]
[BlackElo "2225"]
[PlyCount "60"]
[EventDate "2012.08.25"]
[EventType "swiss"]
[EventRounds "9"]
[EventCountry "ESP"]
[Source "lmi"]
[SourceDate "2012.08.25"]

1. e4 d5 2. exd5 Nf6 3. d4 Nxd5 4. c4 Nb6 5. Nc3 e5 6. Nf3 Bg4 7. dxe5 Qxd1+ 8.
Nxd1 Nc6 9. Be2 O-O-O 10. O-O Bxf3 11. Bxf3 Nxe5 12. Be2 Nbxc4 13. b3 Nd2 14.
Bxd2 Rxd2 15. Re1 Bc5 16. Rc1 Rhd8 17. Bf1 Nd3 18. Bxd3 R8xd3 19. Rxc5 Rxd1 20.
Kf1 b6 21. Rc4 Kd7 22. h4 c5 23. Rxd1 Rxd1+ 24. Ke2 Ra1 25. Rc2 h5 26. Ke3 Rd1
27. g3 Rd4 28. Kf3 a5 29. Ke3 a4 30. bxa4 Rxa4 0-1

[Event "29. Cullera 2012 - Open A"]
[Site "Cullera ESP"]
[Date "2012.08.27"]
[Round "4.6"]
[White "Diaz Velandia, Jose Manuel"]
[Black "Garcia Munoz, Raul"]
[Result "1-0"]
[WhiteElo "2251"]
[BlackElo "2072"]
[PlyCount "59"]
[EventDate "2012.08.25"]
[EventType "swiss"]
[EventRounds "9"]
[EventCountry "ESP"]
[Source "lmi"]
[SourceDate "2012.08.25"]

1. d4 Nf6 2. Nf3 e6 3. c3 d5 4. e3 c5 5. Bd3 Nc6 6. O-O Bd6 7. Nbd2 O-O 8. dxc5
Bxc5 9. e4 dxe4 10. Nxe4 Nxe4 11. Bxe4 Qxd1 12. Rxd1 Rd8 13. Bf4 f6 14. Bxc6
Rxd1+ 15. Rxd1 bxc6 16. Rd8+ Bf8 17. Nd2 Kf7 18. Nc4 e5 19. Be3 Be7 20. Nd6+
Bxd6 21. Rxd6 Be6 22. Rxc6 Bxa2 23. Rc7+ Kg6 24. Rxa7 Rd8 25. h4 Rd1+ 26. Kh2
h5 27. b4 Be6 28. b5 Rd7 29. Ra6 Bd5 30. Ra5 1-0

[Event "29. Cullera 2012 - Open A"]
[Site "Cullera ESP"]
[Date "2012.08.27"]
[Round "4.7"]
[White "Sanchez Dengra, Jose Maria"]
[Black "Montalban Galvez, Antoni"]
[Result "0-1"]
[WhiteElo "2020"]
[BlackElo "2204"]
[PlyCount "66"]
[EventDate "2012.08.25"]
[EventType "swiss"]
[EventRounds "9"]
[EventCountry "ESP"]
[Source "lmi"]
[SourceDate "2012.08.25"]

1. e4 c5 2. Nf3 Nc6 3. d4 cxd4 4. Nxd4 e6 5. Nc3 Qc7 6. Be2 Nf6 7. O-O a6 8.
Be3 Bb4 9. Na4 Be7 10. Nxc6 bxc6 11. Nb6 Rb8 12. e5 Qxe5 13. Nxc8 Rxc8 14. Bxa6
Ra8 15. Bd4 Qc7 16. Be2 e5 17. Bc3 d5 18. b3 Ba3 19. Qb1 d4 20. Bb2 Nd5 21. Bf3
O-O 22. Bxa3 Rxa3 23. Qb2 Rfa8 24. Bxd5 cxd5 25. f4 f6 26. fxe5 fxe5 27. Rf5
Qc5 28. Kh1 e4 29. h3 e3 30. Re5 Rf8 31. Rd1 Rf4 32. Rd3 Ra8 33. c4 Qd6 0-1

[Event "29. Cullera 2012 - Open A"]
[Site "Cullera ESP"]
[Date "2012.08.27"]
[Round "4.9"]
[White "Remolar Gallen, Jose"]
[Black "Martin, Axel"]
[Result "1/2-1/2"]
[WhiteElo "2167"]
[BlackElo "2065"]
[PlyCount "51"]
[EventDate "2012.08.25"]
[EventType "swiss"]
[EventRounds "9"]
[EventCountry "ESP"]
[Source "lmi"]
[SourceDate "2012.08.25"]

1. e4 e5 2. Nc3 Nf6 3. f4 d5 4. fxe5 Nxe4 5. Nf3 Be7 6. d4 c5 7. Bb5+ Nc6 8.
Qe2 Nxc3 9. bxc3 Qa5 10. Bd2 c4 11. Bxc6+ bxc6 12. O-O O-O 13. Rae1 Qxa2 14.
Bg5 Bxg5 15. Nxg5 h6 16. Nxf7 Rxf7 17. Rxf7 Kxf7 18. Qh5+ g6 19. Qxh6 Bf5 20.
g4 Be4 21. Rf1+ Kg8 22. Qf4 Qxc2 23. Qf7+ Kh8 24. Qf6+ Kh7 25. Qe7+ Kh8 26.
Qf6+ 1/2-1/2

[Event "29. Cullera 2012 - Open A"]
[Site "Cullera ESP"]
[Date "2012.08.27"]
[Round "4.10"]
[White "Gonzalvez Perales, Jose Luis"]
[Black "Perez Calahorra, Ricardo"]
[Result "0-1"]
[WhiteElo "2028"]
[BlackElo "2158"]
[PlyCount "72"]
[EventDate "2012.08.25"]
[EventType "swiss"]
[EventRounds "9"]
[EventCountry "ESP"]
[Source "lmi"]
[SourceDate "2012.08.25"]

1. e4 e6 2. d4 d5 3. Bd3 dxe4 4. Bxe4 Nf6 5. Bf3 Nc6 6. Ne2 Bd6 7. O-O O-O 8.
c4 Re8 9. Nbc3 a6 10. Bg5 h6 11. Bh4 g5 12. Bg3 Bd7 13. Qd2 Rb8 14. h4 Nh7 15.
hxg5 Qxg5 16. Qxg5+ Nxg5 17. Bh5 Bxg3 18. Nxg3 Nxd4 19. f4 Nh7 20. Rad1 c5 21.
Nce4 b6 22. b4 Ba4 23. Rd2 Red8 24. bxc5 Bc2 25. Kh1 f5 26. Nd6 bxc5 27. Nf7
Rd7 28. Ne5 Rg7 29. Kh2 Nf6 30. Bd1 Be4 31. Nd3 Bxd3 32. Rxd3 Rb2 33. a3 h5 34.
Rg1 Ng4+ 35. Bxg4 hxg4 36. Rgd1 Nf3+ 0-1

[Event "29. Cullera 2012 - Open A"]
[Site "Cullera ESP"]
[Date "2012.08.27"]
[Round "4.12"]
[White "Nieves Cabanes, Javier"]
[Black "Fernandez Madrid, Carlos"]
[Result "1/2-1/2"]
[WhiteElo "2016"]
[BlackElo "2134"]
[PlyCount "87"]
[EventDate "2012.08.25"]
[EventType "swiss"]
[EventRounds "9"]
[EventCountry "ESP"]
[Source "lmi"]
[SourceDate "2012.08.25"]

1. d4 g6 2. c4 Bg7 3. Nc3 d6 4. Nf3 Nd7 5. Bg5 c6 6. e3 Ngf6 7. Be2 O-O 8. Qc2
e5 9. dxe5 dxe5 10. Nd2 Qc7 11. O-O Nc5 12. b4 Ne6 13. Bh4 a5 14. bxa5 Nc5 15.
Bxf6 Bxf6 16. Nb3 Nxb3 17. axb3 Rxa5 18. Ne4 Bg7 19. Rxa5 Qxa5 20. Nd6 c5 21.
Bf3 Be6 22. Nxb7 Qb6 23. Qa2 Rb8 24. Na5 Bf6 25. Qa4 Kg7 26. Rb1 Qa6 27. Be4
Rb4 28. Qa1 Rb6 29. h3 Qc8 30. g4 Qc7 31. Qc3 Ra6 32. Ra1 Qa7 33. Ra4 Bd7 34.
Nc6 Bxc6 35. Bxc6 Qb6 36. Bb5 Ra7 37. Rxa7 Qxa7 38. g5 Bxg5 39. Qxe5+ Bf6 40.
Qd5 Qa1+ 41. Kg2 Be7 42. e4 Qb2 43. Be8 Qf6 44. Ba4 1/2-1/2

[Event "29. Cullera 2012 - Open A"]
[Site "Cullera ESP"]
[Date "2012.08.27"]
[Round "4.13"]
[White "Crecente Penalba, Jose Manuel"]
[Black "Benlloch Guirao, Alvaro"]
[Result "1-0"]
[WhiteElo "2107"]
[BlackElo "1887"]
[PlyCount "63"]
[EventDate "2012.08.25"]
[EventType "swiss"]
[EventRounds "9"]
[EventCountry "ESP"]
[Source "lmi"]
[SourceDate "2012.08.25"]

1. e4 e6 2. d4 d5 3. Nc3 Nf6 4. exd5 exd5 5. Nf3 Bf5 6. Bd3 Bxd3 7. Qxd3 Be7 8.
Qb5+ Nbd7 9. Nxd5 Nxd5 10. Qxd5 c6 11. Qb3 Qc7 12. O-O O-O 13. Re1 Bf6 14. Bg5
Rad8 15. Rad1 h6 16. Bxf6 Nxf6 17. c3 Rd5 18. Re5 Rd7 19. Rde1 Qd6 20. h3 Rfd8
21. Qc2 Rc7 22. Nh4 Qd7 23. Qe2 Kf8 24. Nf5 Re8 25. Nxg7 Rxe5 26. dxe5 Kxg7 27.
exf6+ Kxf6 28. Qe5+ Kg6 29. Re3 f5 30. Qh8 f4 31. Qg8+ Kf6 32. Qf8+ 1-0

[Event "29. Cullera 2012 - Open A"]
[Site "Cullera ESP"]
[Date "2012.08.27"]
[Round "4.15"]
[White "Ribera Cebolla, Marc"]
[Black "Machin Arbelo, Pedro Alexis"]
[Result "1-0"]
[WhiteElo "1865"]
[BlackElo "2084"]
[PlyCount "71"]
[EventDate "2012.08.25"]
[EventType "swiss"]
[EventRounds "9"]
[EventCountry "ESP"]
[Source "lmi"]
[SourceDate "2012.08.25"]

1. e4 e6 2. d4 d5 3. Bd3 Nf6 4. e5 Nfd7 5. Nf3 c5 6. c3 Nc6 7. a3 Qb6 8. Bc2 f6
9. exf6 Nxf6 10. O-O cxd4 11. cxd4 Bd6 12. Nc3 Bd7 13. b4 Rc8 14. Na4 Qc7 15.
Nc5 O-O 16. Re1 Nd8 17. Ra2 Bf4 18. Ne5 Bxc1 19. Qxc1 Be8 20. Nf3 b6 21. Nb3
Ba4 22. Qb1 Qf4 23. Bd3 Rc3 24. Nbd2 Nc6 25. g3 Qc7 26. b5 Na5 27. Ng5 Nb3 28.
Nxe6 Qf7 29. Nxf8 Qxf8 30. Nxb3 Rxb3 31. Rb2 Rxa3 32. Re5 Ng4 33. Rxd5 Rb3 34.
Bxh7+ Kh8 35. Bf5 Nf6 36. Rxb3 1-0

[Event "29. Cullera 2012 - Open A"]
[Site "Cullera ESP"]
[Date "2012.08.27"]
[Round "4.17"]
[White "Guillem Mora, Carlos"]
[Black "Gimenez Menchon, Cesar"]
[Result "0-1"]
[WhiteElo "1804"]
[BlackElo "2029"]
[PlyCount "22"]
[EventDate "2012.08.25"]
[EventType "swiss"]
[EventRounds "9"]
[EventCountry "ESP"]
[Source "lmi"]
[SourceDate "2012.08.25"]

1. d4 d5 2. Bf4 Nf6 3. Nf3 c5 4. e3 Qb6 5. Nc3 e6 6. a3 c4 7. Be2 Qxb2 8. Kd2
Bxa3 9. Qb1 Qxc3+ 10. Kd1 Ne4 11. Rf1 Qa5 0-1

[Event "29. Cullera 2012 - Open A"]
[Site "Cullera ESP"]
[Date "2012.08.27"]
[Round "4.18"]
[White "Garcia Sancho, Josep"]
[Black "Pablos Tenrero, Raquel"]
[Result "0-1"]
[WhiteElo "1614"]
[BlackElo "1960"]
[PlyCount "68"]
[EventDate "2012.08.25"]
[EventType "swiss"]
[EventRounds "9"]
[EventCountry "ESP"]
[Source "lmi"]
[SourceDate "2012.08.25"]

1. d4 Nf6 2. c4 e6 3. g3 Bb4+ 4. Nd2 c5 5. Ngf3 Nc6 6. e3 b6 7. Bg2 Ba6 8. dxc5
bxc5 9. O-O O-O 10. a3 Bxd2 11. Nxd2 Rc8 12. Re1 Ne5 13. b3 Nd3 14. Rf1 d5 15.
Qc2 Nxc1 16. Raxc1 h5 17. Rfd1 Qa5 18. Qc3 Qc7 19. cxd5 exd5 20. Rc2 Rfd8 21.
Nb1 Qe7 22. Qb2 Qe6 23. Rcd2 Bb7 24. Bf3 h4 25. Nc3 Rd7 26. Ne2 Qf5 27. Bg2 h3
28. Bh1 Rcd8 29. Nf4 g5 30. Ne2 Ng4 31. Nc3 d4 32. Bxb7 dxc3 33. Qxc3 Rxd2 34.
Rxd2 Qb1+ 0-1

[Event "29. Cullera 2012 - Open A"]
[Site "Cullera ESP"]
[Date "2012.08.27"]
[Round "4.20"]
[White "Minana Menor, Antonio"]
[Black "Cebrian Flores, Juan Antonio"]
[Result "1-0"]
[WhiteElo "2095"]
[BlackElo "1888"]
[PlyCount "63"]
[EventDate "2012.08.25"]
[EventType "swiss"]
[EventRounds "9"]
[EventCountry "ESP"]
[Source "lmi"]
[SourceDate "2012.08.25"]

1. e4 c5 2. Nf3 d6 3. d4 cxd4 4. Nxd4 Nf6 5. Nc3 g6 6. Be3 Bg7 7. f3 O-O 8. Bc4
Nc6 9. Qd2 Bd7 10. O-O-O Rb8 11. Kb1 Na5 12. Bb3 b5 13. h4 Nc4 14. Bxc4 bxc4
15. Ka1 a5 16. Rb1 Re8 17. h5 a4 18. a3 Qa5 19. g4 Rb7 20. hxg6 fxg6 21. Qh2
Kf7 22. Bh6 Rh8 23. Bxg7 Kxg7 24. Qh6+ Kf7 25. g5 Nh5 26. Rxh5 gxh5 27. g6+ Ke8
28. Qg7 Qe5 29. Qf7+ Kd8 30. g7 Qxd4 31. Rd1 Qe5 32. f4 1-0

[Event "29. Cullera 2012 - Open A"]
[Site "Cullera ESP"]
[Date "2012.08.28"]
[Round "5.1"]
[White "Castella Garcia, Fausto"]
[Black "Torres Sanchez, Jose"]
[Result "1/2-1/2"]
[WhiteElo "2329"]
[BlackElo "2278"]
[PlyCount "31"]
[EventDate "2012.08.25"]
[EventType "swiss"]
[EventRounds "9"]
[EventCountry "ESP"]
[Source "lmi"]
[SourceDate "2012.08.25"]

1. e4 e5 2. Nf3 Nc6 3. Bc4 Nf6 4. d3 Bc5 5. c3 a6 6. Nbd2 O-O 7. Bb3 Ba7 8. h3
h6 9. Nf1 d5 10. Qe2 Be6 11. g4 dxe4 12. dxe4 Nd7 13. Bc2 f6 14. Ne3 b5 15. O-O
Ne7 16. Rd1 1/2-1/2

[Event "29. Cullera 2012 - Open A"]
[Site "Cullera ESP"]
[Date "2012.08.28"]
[Round "5.2"]
[White "Vega Gomez, Francisco Borja"]
[Black "Diaz Velandia, Jose Manuel"]
[Result "1-0"]
[WhiteElo "2225"]
[BlackElo "2251"]
[PlyCount "79"]
[EventDate "2012.08.25"]
[EventType "swiss"]
[EventRounds "9"]
[EventCountry "ESP"]
[Source "lmi"]
[SourceDate "2012.08.25"]

1. d4 d5 2. c4 e6 3. Nf3 Nf6 4. e3 c6 5. Nbd2 Nbd7 6. Bd3 Be7 7. O-O O-O 8. e4
dxe4 9. Nxe4 Nxe4 10. Bxe4 Nf6 11. Bc2 h6 12. Bf4 c5 13. dxc5 Bxc5 14. Qxd8
Rxd8 15. Rfd1 Bd7 16. Ne5 Be8 17. Rxd8 Rxd8 18. Rd1 Rxd1+ 19. Bxd1 g5 20. Nd3
Bd4 21. Be5 Bxe5 22. Nxe5 Nd7 23. Nd3 Nb8 24. b4 Kf8 25. Kf1 Ke7 26. Ke1 f6 27.
Kd2 Bg6 28. Be2 e5 29. Kc3 b6 30. a4 Nc6 31. c5 e4 32. Nb2 bxc5 33. bxc5 Ke6
34. Bc4+ Ke5 35. Bg8 Ne7 36. Nc4+ Kf5 37. Nd6+ Kf4 38. Bc4 f5 39. Kd4 Nc6+ 40.
Kd5 1-0

[Event "29. Cullera 2012 - Open A"]
[Site "Cullera ESP"]
[Date "2012.08.28"]
[Round "5.3"]
[White "Montalban Galvez, Antoni"]
[Black "Martinez Tormo, Jorge"]
[Result "1-0"]
[WhiteElo "2204"]
[BlackElo "2148"]
[PlyCount "69"]
[EventDate "2012.08.25"]
[EventType "swiss"]
[EventRounds "9"]
[EventCountry "ESP"]
[Source "lmi"]
[SourceDate "2012.08.25"]

1. d4 d5 2. c4 e6 3. Nf3 c6 4. Nc3 f5 5. Bf4 Nf6 6. e3 Bd6 7. Bxd6 Qxd6 8. Ne5
O-O 9. Bd3 Nbd7 10. f4 Ne4 11. O-O Nxe5 12. fxe5 Qe7 13. Bxe4 fxe4 14. Rxf8+
Qxf8 15. Qb3 Kh8 16. Rf1 Qe7 17. a3 b6 18. Qa4 Bb7 19. b4 c5 20. bxc5 bxc5 21.
Qb5 Rc8 22. cxd5 exd5 23. dxc5 h6 24. e6 Bc6 25. Qa6 Qxe6 26. Nb5 Bd7 27. Qxe6
Bxe6 28. Nd4 Re8 29. c6 Kg8 30. Rb1 Bc8 31. Rb5 Rd8 32. Rb8 Kf7 33. Nb5 Ke7 34.
Nxa7 Kd6 35. Rxc8 1-0

[Event "29. Cullera 2012 - Open A"]
[Site "Cullera ESP"]
[Date "2012.08.28"]
[Round "5.4"]
[White "Gallardo Garcia, Andres"]
[Black "Jordan Martinez, Miguel"]
[Result "1-0"]
[WhiteElo "2339"]
[BlackElo "2144"]
[PlyCount "51"]
[EventDate "2012.08.25"]
[EventType "swiss"]
[EventRounds "9"]
[EventCountry "ESP"]
[Source "lmi"]
[SourceDate "2012.08.25"]

1. e4 e6 2. d4 d5 3. Nc3 Nf6 4. Bg5 dxe4 5. Nxe4 Be7 6. Bxf6 Bxf6 7. Nf3 Bd7 8.
c3 Bc6 9. Bd3 O-O 10. Qc2 h6 11. O-O-O Nd7 12. g4 e5 13. h4 g6 14. g5 Bg7 15.
h5 Bd5 16. hxg6 fxg6 17. gxh6 Rxf3 18. hxg7 Kxg7 19. Qd2 Rf4 20. dxe5 Qf8 21.
Nf6 Rxf6 22. exf6+ Nxf6 23. Qh6+ Kg8 24. Qxg6+ Qg7 25. Qxg7+ Kxg7 26. Rhg1+ 1-0

[Event "29. Cullera 2012 - Open A"]
[Site "Cullera ESP"]
[Date "2012.08.28"]
[Round "5.5"]
[White "Navarro Diaz, Carles"]
[Black "Pena Riasco, Alexander"]
[Result "0-1"]
[WhiteElo "2117"]
[BlackElo "2237"]
[PlyCount "78"]
[EventDate "2012.08.25"]
[EventType "swiss"]
[EventRounds "9"]
[EventCountry "ESP"]
[Source "lmi"]
[SourceDate "2012.08.25"]

1. d4 d5 2. c4 c6 3. Nc3 Nf6 4. Nf3 dxc4 5. e3 b5 6. a4 Nd5 7. axb5 Nxc3 8.
bxc3 cxb5 9. Ne5 Qd5 10. Ra5 Qb7 11. Be2 Qb6 12. Ra1 Nd7 13. f4 Nxe5 14. fxe5
Bb7 15. O-O e6 16. Bf3 Be7 17. Bxb7 Qxb7 18. Qg4 O-O 19. e4 b4 20. cxb4 Bxb4
21. Rb1 a5 22. Bg5 g6 23. Bf6 h5 24. Qg5 Kh7 25. Rf4 Rh8 26. Rbf1 Bd2 27. Bxh8
Bxf4 28. Qxf4 Kxh8 29. d5 exd5 30. Kh1 Re8 31. g4 hxg4 32. h3 dxe4 33. hxg4 e3+
34. Kg1 Qd5 35. Qxe3 Rxe5 36. Qf4 Kg8 37. Rc1 Re4 38. Qb8+ Kg7 39. Qc8 Qd4+ 0-1

[Event "29. Cullera 2012 - Open A"]
[Site "Cullera ESP"]
[Date "2012.08.28"]
[Round "5.6"]
[White "Crecente Penalba, Jose Manuel"]
[Black "Pavia Miralles, Jose Manuel"]
[Result "0-1"]
[WhiteElo "2107"]
[BlackElo "2168"]
[PlyCount "85"]
[EventDate "2012.08.25"]
[EventType "swiss"]
[EventRounds "9"]
[EventCountry "ESP"]
[Source "lmi"]
[SourceDate "2012.08.25"]

1. e4 d6 2. d4 g6 3. Nc3 c6 4. g3 Bg7 5. Bg2 Nf6 6. Nge2 O-O 7. O-O Nbd7 8. h3
e5 9. Be3 exd4 10. Bxd4 Re8 11. g4 Qa5 12. Ng3 Nc5 13. f4 Ne6 14. Be3 d5 15. g5
Nxe4 16. Ncxe4 dxe4 17. f5 Rd8 18. fxe6 Rxd1 19. exf7+ Kh8 20. Raxd1 Bf5 21.
Bxe4 Bxh3 22. Rf2 Qc7 23. Rf4 Be5 24. f8=Q+ Rxf8 25. Rxf8+ Kg7 26. Rdd8 Be6 27.
Nh5+ gxh5 28. Rh8 Kf7 29. Rdf8+ Kg7 30. Re8 Kf7 31. g6+ hxg6 32. Ref8+ Ke7 33.
Bc5+ Bd6 34. Bd4 Bf5 35. Re8+ Kf7 36. Bxf5 gxf5 37. Reg8 Qa5 38. Rg7+ Ke6 39.
Rh6+ Kd5 40. c3 Qxa2 41. Rxb7 Qb1+ 42. Kf2 Qc2+ 43. Kf1 0-1

[Event "29. Cullera 2012 - Open A"]
[Site "Cullera ESP"]
[Date "2012.08.28"]
[Round "5.8"]
[White "Jordan Arenas, Manuel"]
[Black "Nicolas Zapata, Javier"]
[Result "1/2-1/2"]
[WhiteElo "2151"]
[BlackElo "2043"]
[PlyCount "66"]
[EventDate "2012.08.25"]
[EventType "swiss"]
[EventRounds "9"]
[EventCountry "ESP"]
[Source "lmi"]
[SourceDate "2012.08.25"]

1. d4 Nf6 2. c4 e6 3. Nf3 Bb4+ 4. Nbd2 b6 5. a3 Bxd2+ 6. Bxd2 h6 7. e3 Bb7 8.
Bd3 O-O 9. O-O d6 10. b4 Nbd7 11. Qc2 c5 12. e4 cxd4 13. Nxd4 Ne5 14. f3 Rc8
15. Rfc1 d5 16. exd5 Nxd5 17. Kh1 Nf6 18. f4 Nxc4 19. Nxe6 fxe6 20. Bxc4 Rxc4
21. Qxc4 Qxd2 22. Ra2 Qe3 23. Re2 Qxa3 24. Qxe6+ Kh8 25. Rc7 Re8 26. Qxf6 Bxg2+
27. Kg1 Rg8 28. Ree7 Be4 29. Rxg7 Qe3+ 30. Kf1 Bd3+ 31. Kg2 Be4+ 32. Kf1 Bd3+
33. Kg2 Be4+ 1/2-1/2

[Event "29. Cullera 2012 - Open A"]
[Site "Cullera ESP"]
[Date "2012.08.28"]
[Round "5.9"]
[White "Jimenez Martinez, Jose Vicente"]
[Black "Marquez Ortiz De Zarate, Albert"]
[Result "1-0"]
[WhiteElo "2285"]
[BlackElo "2065"]
[PlyCount "93"]
[EventDate "2012.08.25"]
[EventType "swiss"]
[EventRounds "9"]
[EventCountry "ESP"]
[Source "lmi"]
[SourceDate "2012.08.25"]

1. d4 e6 2. Nf3 f5 3. g3 Nf6 4. Bg2 d5 5. O-O Bd6 6. c4 c6 7. b3 Qe7 8. Bb2 O-O
9. Qc1 b5 10. Ne5 Bb7 11. Nd2 Ne4 12. Nxe4 fxe4 13. c5 Bc7 14. f3 exf3 15. exf3
Bxe5 16. dxe5 a5 17. Bd4 b4 18. a4 Ba6 19. Rf2 Bd3 20. Qe3 Bg6 21. Raf1 Nd7 22.
f4 Rae8 23. h3 h6 24. Bf3 Qf7 25. Bd1 Be4 26. Kh2 Kh7 27. Qe2 g6 28. Qa6 Ra8
29. Qe2 Qe7 30. Qe3 Rae8 31. Bc2 Bxc2 32. Rxc2 Rf7 33. Qe2 Nb8 34. Qd3 Qb7 35.
Rcf2 Qa6 36. Qc2 Ref8 37. g4 Qc8 38. Kg3 Rg7 39. Qd3 Na6 40. Kh2 Nc7 41. f5
gxf5 42. gxf5 exf5 43. Rxf5 Rxf5 44. Rxf5 Kg8 45. e6 Qxe6 46. Bxg7 Kxg7 47.
Qg3+ 1-0